| 000 | 00614nam a22001817a 4500 | ||
|---|---|---|---|
| 003 | OSt | ||
| 008 | 260605b |||||||| |||| 00| 0 eng d | ||
| 020 | _a9789388020268 | ||
| 082 |
_a631.584 _bS61A |
||
| 245 |
_aAadhunik Jaivik Krishi: Jalvayu Parivartan Evam Jaiv Vividhata Ke Sandharbh Mein/ _bby Anil Kumar Singh...[et al.] |
||
| 260 |
_aDelhi: _bSatish Serial Publishing House, _c2018 |
||
| 300 | _axvi, 253 p. | ||
| 650 | _aAgriculture and related technologies | ||
| 650 | _aCultivation and harvesting | ||
| 650 | _aOrganic farming / Organic Agriculture | ||
| 700 | _aSingh, Anil Kumar | ||
| 942 |
_2ddc _cBK |
||
| 999 |
_c51585 _d51585 |
||